Social situation and poverty of Roma

História rómskeho etnika. Situácia s Rómami na Slovensku po roku 1945, resp. 1989. Príčiny a dôsledky chudoby Rómov. Ukazovatele chudoby. Analýza sociálnej a ekonomickej situácie Rómov na Slovensku.

Guardado en:
Detalles Bibliográficos
Autor principal: Kováčová, Lenka
Formato: Capítulo de libro
Lenguaje:inglés
Materias:
Etiquetas: Agregar Etiqueta
Sin Etiquetas, Sea el primero en etiquetar este registro!

MARC

LEADER 00000naa a2200000 4500
001 0215862
005 20221019164817.5
041 0 |a eng 
044 |a SK 
245 1 0 |a Social situation and poverty of Roma  |c Lenka Kováčová 
520 |a História rómskeho etnika. Situácia s Rómami na Slovensku po roku 1945, resp. 1989. Príčiny a dôsledky chudoby Rómov. Ukazovatele chudoby. Analýza sociálnej a ekonomickej situácie Rómov na Slovensku. 
610 2 0 |a Rómovia 
610 2 0 |a analýza ekonomická 
610 2 0 |a analýza sociálna 
100 1 |a Kováčová, Lenka